| 000 | 01569cam a2200421 i 4500 | ||
|---|---|---|---|
| 999 |
_c64375 _d64375 |
||
| 001 | a4438801 | ||
| 003 | CO-MdFUSB | ||
| 005 | 20180813115813.0 | ||
| 008 | 090303m20089999sp | |||| 001 00spa | ||
| 017 |
_aCO 1764-2007 _bOficina Depósito Legal Córdoba |
||
| 020 | _a9788493610241 | ||
| 040 |
_aSpMaBN _bspa _cCO-MdFUSB _erda _dCO-MdFUSBC |
||
| 041 | 1 |
_aspa _heng |
|
| 080 | _a1(081) MacIntyre, Alasdair C. | ||
| 082 |
_222 _a261.7 _bM152 |
||
| 100 | 1 |
_aMacIntyre, Alasdair C. _d1929- _eautor |
|
| 245 | 1 | 0 |
_aÉtica y política : _bensayos escogidos _cAlasdair MacIntyre ; traducción, Sebastián Montiel |
| 260 | _bNuevo Inicio | ||
| 264 | 1 |
_aGranada _bNuevo Inicio _c[2008] |
|
| 300 |
_aVolumen 2 , 358 páginas _c22 cm |
||
| 336 |
_2rdacontent _atexto _btxt |
||
| 337 |
_2rdamedia _asin mediación _bn |
||
| 338 |
_2rdacarrier _avolumen _bnc |
||
| 490 | 1 | _aAreópagos | |
| 500 | _a"Publicaciones del Instituto de Filosofía Edith Stein" | ||
| 500 | _aÍndice onomástico | ||
| 504 | _aIncluye referencias bibliográficas. | ||
| 505 |
_gParte I. _tAprendiendo de Aristóteles y de Tomás de Aquino. _gParte II. _tÉtica _gParte III: _tLa política de la ética. |
||
| 830 | 0 | _aAreópagos (Granada) | |
| 942 | _cBK | ||
| 956 | _a1 2 | ||
| 980 |
_aM-BN _bBNALCALA _jDLi/30137 _cCONSERVACI _81 _av. _81.2 _a2 _80 _av. 2 |
||
| 980 |
_aM-BN _bBNALCALA _jAHI/38909 _cSG_PETANTI _81 _av. _81.2 _a2 _80 _av. 2 |
||
| 980 |
_aM-BN _bBNMADRID _j5/54221 _cSG_RECOLET _81 _av. _81.2 _a2 _80 _av. 2 |
||